| 000 | 00411nam a2200157 4500 | ||
|---|---|---|---|
| 001 | 42227 | ||
| 090 | _a42227 | ||
| 100 | _a20231110 pory50 | ||
| 101 | _apor | ||
| 102 | _aPT | ||
| 200 |
_aGuia prático de Fotografia de Pessoas _fAlison Trapmore _gtrad. Conceição Jardim e Eduardo Lúcio Nogueira |
||
| 210 |
_cPresença _dimp.1985 |
||
| 215 |
_a213 p. _cil. |
||
| 675 | _a77 | ||
| 801 |
_aPT _gRPC |
||
| 990 | _cLIVROS | ||